00000000nam##2200000za#4500
0019.678842
003CaOODSP
00520250506145324
007ta
008150407|1992||||xxc|||||     f|0| 0 fre|d
020 |a0-662-97308-9
040 |aCaOODSP|bfre
043 |an-cn---
0861 |aA63-1591/1992F
1101 |aCanada.|bAgriculture Canada.
24510|aEngraissement des bovins en parc / |cpar R. Hironaka et B. Freeze.
260 |aOttawa - Ontario : |bAgriculture Canada |c1992.
300 |a65p. : |bill., références, tableaux ; |c23 cm.
500 |aSommaire: Besoins nutritifs des bovins engraissés en parc.--Types d'aliments.--Transformation des aliments.--Troubles d'origine alimentaire.--Gestion des bovins.--Gestion financière.--Aspect économique de l'engraissement.--Conception et installation d'un parc d'engraissement.--Glossaire.--Lectures suggérées.
563 |aCouverture souple
590 |a92-24|b1992-06-12
7201 |aHironaka, R.
7201 |aFreeze, B.
77508|tFeedlot finishing of cattle / |w(CaOODSP)9.645059
7760#|tEngraissement des bovins en parc / |w(CaOODSP)9.641572
986 |aPublication 1591/F